000 00549nam a2200193Ia 4500
005 20260120124643.0
008 008 260114s9999 xx 000 0 eng d
020 _a9780444501196
037 _aEBOOK
040 _aCRL
_beng
_cCRL
041 _aeng
_2eng
084 _qCRL
245 4 _aThe Theory of Monetary Aggregation
260 _bEmerald Publishing
_c2000
700 _aW.A. Barnett
_9908873
856 _uhttps://www.emerald.com/insight/publication/doi/10.1108/S0573-8555(2000)245
942 _cEBOOK
999 _c1500784
_d1500784